Through each tomorrow / (Record no. 413640)
[ view plain ]
| 000 -LEADER | |
|---|---|
| fixed length control field | 01447nam a22003498i 4500 |
| 001 - CONTROL NUMBER | |
| control field | z9jcpp b2860314 |
| 005 - DATE AND TIME OF LATEST TRANSACTION | |
| control field | 20251117163105.0 |
| 008 - FIXED-LENGTH DATA ELEMENTS--GENERAL INFORMATION | |
| fixed length control field | 251117b |||||||e |||| 00| 1 eng d |
| 010 ## - LIBRARY OF CONGRESS CONTROL NUMBER | |
| LC control number | 2025006546 |
| 020 ## - INTERNATIONAL STANDARD BOOK NUMBER | |
| International Standard Book Number | 9780764243028 |
| 020 ## - INTERNATIONAL STANDARD BOOK NUMBER | |
| International Standard Book Number | 0764243020 |
| 040 ## - CATALOGING SOURCE | |
| Language of cataloging | eng |
| Description conventions | rda |
| 041 0# - LANGUAGE CODE | |
| Language code of text/sound track or separate title | eng |
| 092 ## - LOCALLY ASSIGNED DEWEY CALL NUMBER (OCLC) | |
| Classification number | CF |
| 100 1# - MAIN ENTRY--PERSONAL NAME | |
| Personal name | Meyer, Gabrielle, |
| Dates associated with a name | 1980- |
| Relator term | author. |
| 9 (RLIN) | 6555975 |
| 245 10 - TITLE STATEMENT | |
| Title | Through each tomorrow / |
| Statement of responsibility, etc | Gabrielle Meyer. |
| 264 #1 - Production, Publication, Distribution, Manufacture, and Copyright Notice. | |
| Place of production, publication, distribution, manufacture | Minneapolis, Minnesota : |
| Name of producer, publisher, distributor, manufacturer | Bethany House, a division of Baker Publishing Group, |
| Date of production, publication, distribution, manufacture, or copyr | [2025] |
| 264 #4 - Production, Publication, Distribution, Manufacture, and Copyright Notice. | |
| Date of production, publication, distribution, manufacture, or copyr | ©2025 |
| 300 ## - PHYSICAL DESCRIPTION | |
| Extent | 381 pages ; |
| Dimensions | 22 cm. |
| 336 ## - Content Type | |
| Content type term | text |
| 337 ## - Media type | |
| Media type term | unmediated |
| 338 ## - Carrier type | |
| Carrier type term | volume |
| 490 0# - SERIES STATEMENT | |
| Series statement | Timeless ; |
| Volume number/sequential designation | 6 |
| 520 ## - SUMMARY, ETC. | |
| Summary, etc | "In 1883, time-crosser Charles Hollingsworth enters elite circles entwined with intrigue, unsure which path he will choose on his twenty-fifth birthday. In 1563, Lady Cecily Pembrooke serves Queen Elizabeth while her stepbrother Charles seeks to save the ailing monarch. As their futures hang by a thread and secrets unravel, are their destinies inescapable?"-- Provided by publisher. |
| 650 #0 - SUBJECT ADDED ENTRY--TOPICAL TERM | |
| Topical term or geographic name as entry element | Man-woman relationships |
| Form subdivision | Fiction. |
| 9 (RLIN) | 5674079 |
| 650 #0 - SUBJECT ADDED ENTRY--TOPICAL TERM | |
| Topical term or geographic name as entry element | Time travel |
| Form subdivision | Fiction. |
| 9 (RLIN) | 5674119 |
| 650 #0 - SUBJECT ADDED ENTRY--TOPICAL TERM | |
| Topical term or geographic name as entry element | Queens |
| Form subdivision | Fiction. |
| 9 (RLIN) | 5674651 |
| 655 #7 - INDEX TERM--GENRE/FORM | |
| Genre/form data or focus term | Christian fiction. |
| Source of term | lcgft. |
| 655 #7 - INDEX TERM--GENRE/FORM | |
| Genre/form data or focus term | Time-travel fiction. |
| Source of term | lcgft. |
| 9 (RLIN) | 5709950 |
| 655 #7 - INDEX TERM--GENRE/FORM | |
| Genre/form data or focus term | Novels. |
| Source of term | lcgft. |
| 942 ## - ADDED ENTRY ELEMENTS (KOHA) | |
| Source of classification or shelving scheme | Dewey Decimal Classification |
| Koha item type | BOOK |
| Withdrawn status | Lost status | Source of classification or shelving scheme | Damaged status | Not for loan | Collection code | Home library | Current library | Shelving location | Date acquired | Source of acquisition | Serial Enumeration / chronology | Total Checkouts | Total Renewals | Full call number | Barcode | Date last seen | Date checked out | Cost, replacement price | Price effective from | Koha item type |
|---|---|---|---|---|---|---|---|---|---|---|---|---|---|---|---|---|---|---|---|---|
| Dewey Decimal Classification | Fiction | Wasatch County Library | Wasatch County Library | First Floor | 12/16/2025 | Ingram | #6 Timeless | 3 | 2 | F Meyer | 34301002175356 | 03/07/2026 | 02/21/2026 | 18.99 | 12/16/2025 | BOOK |
